000 01745nam a22002297a 4500
999 _c58708
_d58708
003 Ge_BSU
005 20220701131203.0
008 220701s2012ge xxu||||| |||| 00| 0 geo d
020 _a9789941132261
041 _ageo
080 _a338.48-53:63(479.22) ს-72
245 _aსოფლის მეურნეობის მდგრადი განვითარების პრიორიტეტები = Priorities of the sustainable development of agriculture :
_bI საერთაშორისო სამეცნიერო-პრაქტიკული კონფერენცია : შრომების კრებული /
_c სარედ. კოლ.: ეთერ ხარაიშვილი [და სხვ.].
264 _aთბილისი:
_bუნ-ტის გამ-ბა,
_c2012.
300 _a582 გვ . :
_bცხრ., სურ. ;
_c30 სმ.
546 _aთავფურ., ყდა ქართ. და ინგლ. რამდენიმე შრომა რუს. და ინგლ.
653 _aსოფლის მეურნეობის ეკონომიკა.
653 _aსოფლის მეურნეობა.
653 _aსაქართველოს სოფლის მეურნეობა. საქართველოს სოფლის მეურნეობის ეკონომიკა. აგროტურიზმი საქართველოში.
700 _aხარაიშვილი, ეთერ
_eსარედაქციო კოლეგია
_92000
710 _aივ. ჯავახიშვილის სახ. თსუ
_92439
942 _2udc
_cBK